|
|
|
|
| LEADER |
00000nam0a2200000 4500 |
| 001 |
371474 |
| 005 |
20231102012401.0 |
| 035 |
|
|
|a (RuTPU)RU\TPU\retro\28884
|
| 035 |
|
|
|a RU\TPU\retro\28881
|
| 090 |
|
|
|a 371474
|
| 100 |
|
|
|a 20221020d1975 km y0rusy50 ca
|
| 101 |
0 |
|
|a rus
|
| 102 |
|
|
|a RU
|
| 105 |
|
|
|a a z 001zy
|
| 200 |
1 |
|
|a Теория, методика НСЧФ и результаты геомагнитного поля Сибирской платформы
|f А. Б. Коган
|g Всесоюзный нефтяной научно-исследовательский геологоразведочный институт
|
| 210 |
|
|
|a Ленинград
|c Недра
|d 1975
|
| 215 |
|
|
|a 119 с.
|c ил., карты
|
| 225 |
1 |
|
|a Труды Всесоюзного нефтяного научно-исследовательского геологоразведочного института (ВНИГРИ)
|v Вып. 365
|
| 320 |
|
|
|a Библиогр. в конце ст.
|
| 606 |
1 |
|
|a Геофизические исследования
|x Методы
|x (геология)
|2 stltpush
|3 (RuTPU)RU\TPU\subj\38591
|9 59018
|
| 610 |
1 |
|
|a частотная фильтрация
|
| 610 |
1 |
|
|a потенциальные поля
|
| 610 |
1 |
|
|a метод НСЧФ
|
| 610 |
1 |
|
|a модификации
|
| 610 |
1 |
|
|a геологические карты
|
| 610 |
1 |
|
|a Сибирская платформа
|
| 675 |
|
|
|a 550.83.01
|v 3
|
| 700 |
|
1 |
|a Коган
|b А. Б.
|
| 712 |
0 |
2 |
|a Всесоюзный нефтяной научно-исследовательский геологоразведочный институт
|c (Ленинград)
|c (1945-1991)
|2 stltpush
|3 (RuTPU)RU\TPU\col\7662
|9 24357
|
| 801 |
|
1 |
|a RU
|b 63413507
|c 20200715
|
| 801 |
|
2 |
|a RU
|b 63413507
|c 20221020
|g RCR
|
| 942 |
|
|
|c BK
|